| 000 | 00631nam a2200253 a 4500 | ||
|---|---|---|---|
| 003 | AR-BaBNM | ||
| 005 | 20251128204611.0 | ||
| 008 | 082120s2002 ||||||||||||||000 | spa|| | ||
| 020 | _a958-24-0108-7 | ||
| 040 | _cAR-BaBNM | ||
| 100 | 1 | _aFleischman, Sid | |
| 245 | 0 | 0 | _aLa maravillosa granja de McBroom |
| 260 |
_aBogotá _bAlfaguara _c1992 |
||
| 300 |
_a89 p. _bil. |
||
| 490 | 0 |
_aJuvenil Alfaguara _vv. 306 |
|
| 650 | 4 | _aLITERATURA INFANTIL | |
| 650 | 4 | _aCUENTOS DE AVENTURAS | |
| 650 | 4 | _aCAMPO | |
| 650 | 4 | _aHUMOR | |
| 655 | _aLITERATURA | ||
| 700 | 1 |
_aBlake, Quentin _eilustrador |
|
| 942 | _cBK | ||
| 998 | _cMARTIN | ||
| 999 |
_c8082 _d8082 |
||